NBA Annual Total Points Leaders who have passed away - Statistics

General Stats
  • This quiz has been taken 9 times
  • The average score is 4 of 9
Answer Stats
Season Answer % Correct
1960-1966 Wilt Chamberlain
88%
20032006-2008 Kobe Bryant
75%
1949-1951 George Mikan
63%
1947 Joe Fulks
50%
19511957 Paul Arizin
50%
1977 Pete Maravich
50%
1948 Max Zaslofsky
25%
1953-1955 Neil Johnston
25%
1958 George Yardley
13%
No matching quizzes found
Score Distribution
Percent of People with Each Score
Percentile by Number Answered
Your Score History
You have not taken this quiz